| 000 | 00938nam a22002897a 4500 | ||
|---|---|---|---|
| 003 | CHAP | ||
| 005 | 20220329135943.0 | ||
| 008 | 971013s1969 r 00010 d | ||
| 010 | _a44636 | ||
| 011 | _a45608 | ||
| 035 | _a49747 | ||
| 040 | _cCHAP | ||
| 082 |
_a630.72 _bI56 |
||
| 110 |
_aINIA. México. Centro de Investigaciones Agrícolas del Noroeste _958554 |
||
| 245 | _aGuía para la asistencia técnica agrícola en el CIANE | ||
| 260 |
_aMéxico, D.F. : _bEl Instituto, _c1969 |
||
| 300 |
_a137 p. _b: ilus. |
||
| 590 |
_aBATCH-UPD _b10 _c20130110 _lUCH01 _h1015 |
||
| 590 |
_aBATCH-UPD _b10 _c20130410 _lUCH01 _h0622 |
||
| 590 |
_aBATCH-UPD _b10 _c20130913 _lUCH01 _h2104 |
||
| 590 |
_aCONVERSION _b10 _c20130109 _lUCH01 _h1324 |
||
| 650 | 1 | 4 |
_aAgricultura _xInvestigación _xMéxico. _91643 |
| 650 | 1 | 4 |
_aAgricultura _zMéxico. _91932 |
| 901 | _aBK | ||
| 942 | _cLIBRO | ||
| 949 |
_a630.72 I56 _bBC _cC _d-112142 _eC _h13027 _i49747 _mD _si |
||
| 999 |
_c44636 _d44636 |
||